| 000 | 00716nam a22002175i 4500 | ||
|---|---|---|---|
| 001 | 178341 | ||
| 003 | ES-MaACL | ||
| 005 | 20250827100533.0 | ||
| 008 | 110525s1969 sp |||| | spa d | ||
| 080 | _a1(091) | ||
| 100 | 1 |
_aTéllez, José. _9146713 |
|
| 245 | 1 | 3 |
_aLa filosofía novísima en Alemania / _cpor José Téllez. |
| 260 |
_aMadrid : _bDelblan, _cD. L. 1969. |
||
| 300 |
_a16 p. ; _c16 cm. |
||
| 490 | 1 |
_aMosaico cultural. 7. Sistemas filosóficos ; _v18 |
|
| 500 | _aEncuadernado con otros títulos. | ||
| 650 | 4 |
_aFilosofía- _vHistoria. _9158248 |
|
| 830 | 0 | 0 |
_aMosaico cultural. _pSistemas filosóficos _v18 _9190894 |
| 852 |
_aES-MaACL _jE-15194 (18) _xOlim P-1923 |
||
| 999 |
_c178341 _d178341 |
||